Normas técnicas profesionales (Registro nro. 1748)

Detalles MARC
000 -LEADER
fixed length control field 01385 a2200217 4500
001 - CONTROL NUMBER
control field 28906
005 - DATE AND TIME OF LATEST TRANSACTION
control field 20260407155557.0
008 - FIXED-LENGTH DATA ELEMENTS--GENERAL INFORMATION
fixed length control field 260407a1967 arg spa d
003 - CONTROL NUMBER IDENTIFIER
control field AR-UNSa-BCEJYS
040 ## - CATALOGING SOURCE
Original cataloging agency AR-UNSa-BCEJYS
Language of cataloging spa
Transcribing agency AR-UNSa-BCEJYS
080 ## - UNIVERSAL DECIMAL CLASSIFICATION NUMBER
Universal Decimal Classification number 657(083.74)
Common auxiliary subdivision Normas Contables
041 ## - LANGUAGE CODE
Language code of text/sound track or separate title spa
100 1# - MAIN ENTRY--PERSONAL NAME
Personal name Colegio de Graduados en Ciencias Económicas de la Capital Federal
245 10 - TITLE STATEMENT
Title Normas técnicas profesionales
Name of part/section of a work aprobadas por las asambleas nacionales de graduados en ciencias económicas
250 ## - EDITION STATEMENT
Edition statement 2a. ed
264 #1 - PRODUCTION, PUBLICATION, DISTRIBUTION, MANUFACTURE, AND COPYRIGHT NOTICE
Place of production, publication, distribution, manufacture Buenos Aires :
Name of producer, publisher, distributor, manufacturer Abeledo Perrot
Date of production, publication, distribution, manufacture, or copyright notice 1967
300 ## - PHYSICAL DESCRIPTION
Extent 135 p.
Dimensions 23 cm.
505 ## - FORMATTED CONTENTS NOTE
Formatted contents note 1. Trabajo Nº 3 - Principios y normas técnico-contable - 2. Resolución de la IV asamblea nacional de graduados - 3. Normas mínimas para la confección de estados contables - 4. Resolución de la V asamblea nacional de graduados - 5. Despacho de la comision Nº 3 sobre las normas mínimas para la confección de estados contables - 6. Resolución de la VI Asamblea nacional de graduados - 7. Alcance de la expresión Normas mínimas de auditoria - 8. Fundamentos de la recomendación sobre Normas mínimas de auditoría - 9. Resolución de la VI convención nacional de consejos profesionales de ciencias económicas - 10. VII Conferencia interamericana de contabilidad, mar del plata.
590 ## - LOCAL NOTE (RLIN)
Local note niveau_biblio:m niveau_hierar:0
942 ## - ADDED ENTRY ELEMENTS (KOHA)
Koha item type
Existencias
Withdrawn status Lost status Damaged status Not for loan Home library Current library Shelving location Date acquired Total checkouts Full call number Barcode Date last seen Price effective from Koha item type
        Biblioteca Prof. Eusebio Cleto del Rey Biblioteca Prof. Eusebio Cleto del Rey   07/04/2026   657(083.74) C689 L22432 07/04/2026 07/04/2026 Libro
        Biblioteca Prof. Eusebio Cleto del Rey Biblioteca Prof. Eusebio Cleto del Rey   07/04/2026   657(083.74) C689 L21214 07/04/2026 07/04/2026 Libro
        Biblioteca Prof. Eusebio Cleto del Rey Biblioteca Prof. Eusebio Cleto del Rey   07/04/2026   657(083.74) C689 L21215 07/04/2026 07/04/2026 Libro
        Biblioteca Prof. Eusebio Cleto del Rey Biblioteca Prof. Eusebio Cleto del Rey   07/04/2026   657(083.74) C689 L22091 07/04/2026 07/04/2026 Libro
        Biblioteca Prof. Eusebio Cleto del Rey Biblioteca Prof. Eusebio Cleto del Rey   07/04/2026   657(083.74) C689 L22430 07/04/2026 07/04/2026 Libro
        Biblioteca Prof. Eusebio Cleto del Rey Biblioteca Prof. Eusebio Cleto del Rey   07/04/2026   657(083.74) C689 L22431 07/04/2026 07/04/2026 Libro